FCIC wheat handbook for agent, 1946.

Bibliographic Details
Corporate Author: Federal Crop Insurance Corporation
Format: Government Document eBook
Language:English
Published: [Washington] : [s.n.], 1945.
Subjects:
Online Access:Electronic resource (PDF)

MARC

Tag First Indicator Second Indicator Subfields
LEADER 00000cam a22000001i 4500
001 in00003942221
006 m d f
007 cr bn mmmapmmp
008 451011s1945 dcu o f000 0 eng d
005 20250210232240.7
035 |a ebd1943006669 
040 |a UMI  |c UMI  |e rda  |d UtOrBLW 
086 0 |a A 80.906:W 56 
099 |a A80.906..W56 
110 2 |a Federal Crop Insurance Corporation.  |0 http://id.loc.gov/authorities/names/n50001037 
245 1 0 |a FCIC wheat handbook for agent, 1946. 
264 1 |a [Washington] :  |b [s.n.],  |c 1945. 
300 |a 1 online resource (16 pages), digital, PDF file 
336 |a text  |b txt  |2 rdacontent 
337 |a computer  |b c  |2 rdamedia 
338 |a online resource  |b cr  |2 rdacarrier 
500 |a Includes tables. 
533 |a Electronic reproduction.  |b [Bethesda, Md.] :  |c ProQuest,  |d 2017  |e digital, PDF file.  |n ProQuest U.S. Executive Branch Documents  |n Mode of access: World Wide Web via ProQuest website. 
588 |a Record is based on online resource; title from PDF title page (ProQuest, last viewed Jan. 2017). Reuse except for individual research requires license from ProQuest, LLC. 
650 0 |a Agricultural insurance.  |0 http://id.loc.gov/authorities/subjects/sh85066833 
650 0 |a Wheat.  |0 http://id.loc.gov/authorities/subjects/sh85146366 
650 0 |a Government information.  |0 http://id.loc.gov/authorities/subjects/sh85056072 
650 0 |a Agriculture  |v Statistics.  |0 http://id.loc.gov/authorities/subjects/sh85002454 
856 4 0 |u http://proxy.library.tamu.edu/login?url=http://congressional.proquest.com/congressional/docview/t66.d71.a80.906..w56?  |y Electronic resource (PDF)  |t 0 
999 f f |s e5203e2a-1d9d-329e-a758-5a6202b5e306  |i 8e855941-1733-37f6-8551-2d7765100032  |t 0 
952 f f |a Texas A&M University  |b College Station  |c Electronic Resources  |d Available Online  |t 0  |h No information provided 
998 f f |t 0  |l Available Online